LEADER 00963nam0-22003251i-450- 001 990007051820403321 005 20060710141513.0 010 $a0-89130-250-6$bpbk. 035 $a000705182 035 $aFED01000705182 035 $a(Aleph)000705182FED01 035 $a000705182 100 $a20020227d1978----km-y0itay50------ba 101 0 $aeng 102 $aUS 105 $ay-------001yy 200 1 $aZosimos of Panopolis on the letter omega$fedited and translated by Howard M. Jackson 210 $aMissoula$cScholars Press$d1978 215 $aVII, 64 p.$d24 cm 225 1 $aGraeco-Roman religion series$v5 225 1 $aTexts and translation$v14 676 $a540.1$v20$zita 702 1$aJackson,$bHoward M. 801 0$aIT$bUNINA$gRICA$2UNIMARC 901 $aBK 912 $a990007051820403321 952 $aDirez. J-008$b1418 idr ddr$fDDR$m21-1815 959 $aDDR 996 $aZosimos of Panopolis on the letter omega$9708208 997 $aUNINA LEADER 01060cam0-22003131i-450- 001 990006433780403321 010 $a3-907549-00-7 035 $a000643378 035 $aFED01000643378 035 $a(Aleph)000643378FED01 035 $a000643378 100 $a20020115d1996----km-y0itay50------ba 101 0 $ager 102 $aDE 105 $aa-------001yy 200 1 $a<>römischen Schreibtafeln von Vindonissa$eLateinische Texte des militärischen Alltags und ihre geschichtliche Bedeutung$fMichael Alexander Speidel 210 $aBaden-Dättwil$cGesellschaft Pro Vindonissa$d1996 215 $a271 p.$cill.$d31 cm 225 1 $aVeröffentlichungen der Gesellschaft Pro Vindonissa$vBd. 12 676 $a411.7$v20$zit 700 1$aSpeidel,$bMichael Alexander$f<1963- >$0208039 712 02$aGesellschaft Pro Vindonissa 801 0$aIT$bUNINA$gRICA$2UNIMARC 901 $aBK 912 $a990006433780403321 952 $aEp. II a 810$b4983 ddr$fDDR 959 $aDDR 996 $aRömischen Schreibtafeln von Vindonissa$9649981 997 $aUNINA LEADER 01232nam--2200349---450- 001 990003352320203316 005 20091124145235.0 010 $a978-2-233-00535-9 035 $a000335232 035 $aUSA01000335232 035 $a(ALEPH)000335232USA01 035 $a000335232 100 $a20091124d2008----km-y0itay50------ba 101 $afre 102 $aFR 105 $a||||||||001yy 200 1 $aColloque religions et droit international humanitaire$eNice 18-19 juin 2007$fsous la direction d'Anne-Sophie Millet-Devalle 210 $aParis$cA. Pedone$d2008 215 $a218 p.$d24 cm 300 $aIn testa al front.: UFR Institut du droit de la paix et du développement, Universitè de Nice-Sophia Millet-Devalle 606 0 $aDiritti umani [rapporti con le] Religioni$xDiritto internazionale$2BNCF 676 $a342.481 702 1$aMILLET-DEVALLE,$bAnne-Sophie 801 0$aIT$bsalbc$gISBD 912 $a990003352320203316 951 $aXXIII.1.H. 528$b65399 G.$cXXIII.1.H.$d00260582 959 $aBK 969 $aGIU 979 $aCHIARA$b90$c20091124$lUSA01$h1449 979 $aCHIARA$b90$c20091124$lUSA01$h1452 996 $aColloque religions et droit international humanitaire$91124400 997 $aUNISA